000 00820nam a2200265Ia 4500
003 OSt
005 20221005063804.0
006 a|||||r|||| 00| 0
007 ta
008 221004b |||||||| |||| 00| 0 eng d
020 _a9781849202947 (hbk)
_c1758.54
024 _a2968
037 _b6913, 22/02/2013, Efficient Book Distributors
_cTextual
040 _aCRL
_cCRL
_beng
041 _2eng
_aeng
082 _aSN1:7-86, Q1
100 _aBilsen Henck van
_9603165
245 0 _aCBT for personality disorders
260 _aLos
_bAngeles Sage USA
_c2011
300 _avi,159p.
_ccm.
650 _aPSYCHOLOGY
700 _a Thomson Brian
_9603166
942 _hSN1:7-86, Q1
_cTEXL
_2cc
999 _c971975
_d971975